[Event "24th European Women Club Cup 2019"]
[Site "Ulcinj"]
[Date "2019.11.14"]
[Round "5.24"]
[White "Lian, Marina"]
[Black "Balaian, Alina"]
[Result "1-0"]
[WhiteElo "1855"]
[BlackElo "2260"]
[Annotator "NA"]
[PlyCount "112"]
[EventDate "2019.11.10"]
[EventType "team-tourn"]
[EventCountry "MNE"]
[SourceTitle "playchess.com"]
[Source "ChessBase"]
[SourceQuality "1"]
[WhiteTeam "Hertzeliya"]
[BlackTeam "SPB"]
[TimeControl "40/5400+30:1800+30"]

1. e4 {[%emt 0:00:00]} e6 {[%emt 0:00:00]} 2. d4 {[%emt 0:00:00]} d5 {[%emt 0:00:00]} 3. Nd2 {[%emt 0:00:00]} Nf6 {[%emt 0:00:00]} 4. e5 {[%emt 0:00:00]} Nfd7 {[%emt 0:00:12]} 5. Bd3 {[%emt 0:00:10]} c5 {[%emt 0:00:00]} 6. c3 {[%emt 0:00:08]} Nc6 {[%emt 0:00:00]} 7. Ne2 {[%emt 0:00:30]} cxd4 {[%emt 0:00:00]} 8. cxd4 {[%emt 0:00:09]} f6 9. exf6 {[%emt 0:00:49]} Nxf6 {[%emt 0:00:00]} 10. O-O {[%emt 0:00:41]} Bd6 {[%emt 0:00:08]} 11. Nf3 {[%emt 0:00:57]} Qc7 {[%emt 0:00:09]} 12. Ng3 {[%emt 0:01:54]} O-O {[%emt 0:00:10]} 13. Bg5 {[%emt 0:01:24]} g6 {[%emt 0:03:30]} 14. Rc1 {[%emt 0:03:17]} Qg7 {[%emt 0:02:07]} 15. Qd2 {[%emt 0:09:31]} Ng4 {[%emt 0:14:47]} 16. h3 {[%emt 0:08:27]} Nxd4 {[%emt 0:02:32]} 17. Nxd4 {[%emt 0:22:19]} Bxg3 {[%emt 0:01:58]} 18. Nf3 {[%emt 0:00:30]} Rxf3 {[%emt 0:26:06]} 19. gxf3 {[%emt 0:08:29]} Nxf2 {[%emt 0:01:36]} 20. Rxf2 {[%emt 0:02:32]} Bxf2+ {[%emt 0:00:46]} 21. Qxf2 {[%emt 0:03:11]} e5 {[%emt 0:02:09]} 22. Qc5 {[%emt 0:09:42]} Be6 {[%emt 0:08:40]} 23. Qe7 {[%emt 0:06:32]} Qxe7 {[%emt 0:00:30]} 24. Bxe7 {[%emt 0:00:30]} Rc8 {[%emt 0:00:30]} 25. Rxc8+ {[%emt 0:00:30]} Bxc8 {[%emt 0:00:00]} 26. h4 {[%emt 0:00:37]} Kf7 {[%emt 0:00:08]} 27. Bg5 {[%emt 0:01:27]} Bd7 {[%emt 0:05:05]} 28. Kf2 {[%emt 0:00:15]} Be6 {[%emt 0:00:39]} 29. Ke2 Kg7 {[%emt 0:11:10]} 30. Kd2 {[%emt 0:01:55]} Bh3 {[%emt 0:00:30]} 31. Kc3 {[%emt 0:04:16]} Bg2 {[%emt 0:04:32]} 32. Be2 {[%emt 0:00:11]} Bh3 {[%emt 0:00:30]} 33. Kb4 {[%emt 0:00:30]} Kf7 {[%emt 0:00:30]} 34. Kc5 {[%emt 0:00:30]} Ke6 {[%emt 0:00:30]} 35. a4 {[%emt 0:00:00]} Bf5 {[%emt 0:06:34]} 36. a5 {[%emt 0:00:29]} Bc2 {[%emt 0:02:00]} 37. b4 {[%emt 0:03:04]} Ba4 {[%emt 0:06:19]} 38. b5 {[%emt 0:02:42]} e4 {[%emt 0:02:33]} 39. fxe4 {[%emt 0:00:42]} dxe4 {[%emt 0:00:30]} 40. Be3 {[%emt 0:00:30]} Kd7 {[%emt 0:00:30]} 41. Kd5 {[%emt 0:30:30]} Bc2 {[%emt 0:30:30]} 42. Bxa7 {[%emt 0:00:30]} h6 {[%emt 0:00:30]} 43. Be3 {[%emt 0:00:30]} g5 {[%emt 0:00:30]} 44. hxg5 {[%emt 0:00:30]} hxg5 {[%emt 0:00:30]} 45. Bxg5 {[%emt 0:00:30]} e3 {[%emt 0:00:00]} 46. Bxe3 {[%emt 0:00:00]} Be4+ {[%emt 0:00:00]} 47. Kc5 {[%emt 0:00:00]} Kc8 {[%emt 0:00:00]} 48. Bc4 {[%emt 0:00:00]} Kb8 {[%emt 0:00:00]} 49. Bd5 {[%emt 0:00:00]} Bxd5 {[%emt 0:00:00]} 50. Kxd5 {[%emt 0:00:00]} Ka8 {[%emt 0:00:00]} 51. Kc5 {[%emt 0:00:00]} Kb8 {[%emt 0:00:00]} 52. b6 {[%emt 0:00:00]} Ka8 {[%emt 0:00:00]} 53. Kb5 {[%emt 0:00:00]} Kb8 {[%emt 0:00:00]} 54. a6 {[%emt 0:00:00]} Ka8 {[%emt 0:00:00]} 55. axb7+ {[%emt 0:00:00]} Kb8 {[%emt 0:00:00]} 56. Bf4+ {[%emt 0:00:00]} Kxb7 {[%emt 0:00:00]} 1-0

[Event "24th European Women Club Cup 2019"]
[Site "Ulcinj"]
[Date "2019.11.14"]
[Round "5.25"]
[White "Rapport, Jovana"]
[Black "Lahav, Michal"]
[Result "1/2-1/2"]
[WhiteElo "2379"]
[BlackElo "2221"]
[Annotator "NA"]
[PlyCount "69"]
[EventDate "2019.11.10"]
[EventType "team-tourn"]
[EventCountry "MNE"]
[SourceTitle "playchess.com"]
[Source "ChessBase"]
[SourceQuality "1"]
[WhiteTeam "MNE Woman Chess"]
[BlackTeam "Rishon Lezion"]
[TimeControl "40/5400+30:1800+30"]

1. d4 {[%emt 0:00:00]} Nf6 {[%emt 0:00:00]} 2. Nc3 {[%emt 0:00:00]} d5 {[%emt 0:00:00]} 3. Bf4 {[%emt 0:00:00]} c6 {[%emt 0:00:29]} 4. e3 {[%emt 0:00:00]} g6 {[%emt 0:00:12]} 5. Be2 {[%emt 0:00:21]} Bg7 {[%emt 0:00:08]} 6. Nf3 {[%emt 0:00:05]} O-O {[%emt 0:00:28]} 7. Ne5 {[%emt 0:00:05]} Nbd7 {[%emt 0:06:23]} 8. O-O {[%emt 0:00:16]} Nxe5 {[%emt 0:01:31]} 9. Bxe5 {[%emt 0:00:08]} b5 {[%emt 0:14:49]} 10. a4 {[%emt 0:00:44]} b4 {[%emt 0:01:08]} 11. Na2 {[%emt 0:00:07]} a5 {[%emt 0:00:25]} 12. Nc1 {[%emt 0:00:06]} Ba6 {[%emt 0:01:13]} 13. Bd3 {[%emt 0:00:25]} Nd7 {[%emt 0:01:35]} 14. Bxg7 {[%emt 0:00:45]} Kxg7 {[%emt 0:00:03]} 15. Nb3 {[%emt 0:02:18]} Qb6 {[%emt 0:03:48]} 16. Qg4 {[%emt 0:04:14]} e6 {[%emt 0:03:20]} 17. Rfe1 {[%emt 0:01:46]} Kg8 {[%emt 0:02:54]} 18. e4 {[%emt 0:05:37]} dxe4 {[%emt 0:01:19]} 19. Qxe4 {[%emt 0:00:32]} c5 {[%emt 0:00:24]} 20. dxc5 {[%emt 0:05:45]} Nxc5 {[%emt 0:00:35]} 21. Qd4 {[%emt 0:01:29]} Bxd3 {[%emt 0:05:21]} 22. cxd3 {[%emt 0:05:12]} Rac8 {[%emt 0:00:04]} 23. Qe3 {[%emt 0:16:25]} Rfd8 {[%emt 0:11:08]} 24. Red1 {[%emt 0:03:46]} Rc6 {[%emt 0:04:24]} 25. Nc1 {[%emt 0:04:57]} Rcd6 {[%emt 0:11:21]} 26. d4 {[%emt 0:02:27]} Qc6 {[%emt 0:00:14]} 27. Ne2 {[%emt 0:00:45]} Nxa4 {[%emt 0:01:25]} 28. Rdc1 {[%emt 0:06:55]} Qb5 {[%emt 0:00:43]} 29. h4 {[%emt 0:00:44]} Rd5 {[%emt 0:20:02]} 30. Nf4 {[%emt 0:13:58]} Rxd4 {[%emt 0:02:00]} 31. Nxe6 {[%emt 0:00:02]} fxe6 {[%emt 0:06:45]} 32. Qxe6+ {[%emt 0:00:02]} Kg7 {[%emt 0:00:34]} 33. Qe7+ {[%emt 0:01:09]} Kg8 {[%emt 0:01:00]} 34. Qe6+ {[%emt 0:00:09]} Kg7 {[%emt 0:00:16]} 35. Qe7+ {[%emt 0:00:04]} 1/2-1/2

[Event "24th European Women Club Cup 2019"]
[Site "Ulcinj"]
[Date "2019.11.14"]
[Round "5.26"]
[White "Reprun, Nadejda"]
[Black "Koljevic, Nikolina"]
[Result "1/2-1/2"]
[WhiteElo "1989"]
[BlackElo "1902"]
[Annotator "NA"]
[PlyCount "65"]
[EventDate "2019.11.10"]
[EventType "team-tourn"]
[EventCountry "MNE"]
[SourceTitle "playchess.com"]
[Source "ChessBase"]
[SourceQuality "1"]
[WhiteTeam "Rishon Lezion"]
[BlackTeam "MNE Woman Chess"]
[TimeControl "40/5400+30:1800+30"]

1. e4 {[%emt 0:00:00]} c5 {[%emt 0:00:00]} 2. Nf3 {[%emt 0:00:00]} Nc6 {[%emt 0:00:00]} 3. d4 {[%emt 0:00:00]} cxd4 {[%emt 0:00:00]} 4. Nxd4 {[%emt 0:00:00]} Nf6 {[%emt 0:00:00]} 5. Nc3 {[%emt 0:00:00]} e6 {[%emt 0:00:00]} 6. Ndb5 {[%emt 0:00:08]} Bc5 {[%emt 0:00:12]} 7. Be2 {[%emt 0:13:42]} O-O {[%emt 0:03:33]} 8. O-O {[%emt 0:02:31]} a6 {[%emt 0:04:16]} 9. Nd6 {[%emt 0:04:05]} Qc7 {[%emt 0:00:45]} 10. Nxc8 {[%emt 0:02:37]} Raxc8 {[%emt 0:01:19]} 11. Kh1 {[%emt 0:06:52]} Nd4 {[%emt 0:19:42]} 12. Bd3 {[%emt 0:07:39]} h5 {[%emt 0:21:41]} 13. f4 {[%emt 0:02:01]} Nb5 {[%emt 0:04:12]} 14. Bd2 {[%emt 0:11:39]} Nxc3 {[%emt 0:07:00]} 15. bxc3 {[%emt 0:01:36]} Ng4 {[%emt 0:00:28]} 16. Qe2 {[%emt 0:01:25]} Qb6 {[%emt 0:06:01]} 17. h3 {[%emt 0:00:44]} Nf2+ {[%emt 0:03:44]} 18. Kh2 {[%emt 0:00:42]} g6 {[%emt 0:01:08]} 19. Rab1 {[%emt 0:00:27]} Qa7 {[%emt 0:00:09]} 20. Be1 {[%emt 0:05:26]} Nxd3 {[%emt 0:01:27]} 21. cxd3 {[%emt 0:00:18]} d5 {[%emt 0:00:46]} 22. Bh4 {[%emt 0:04:16]} Rce8 {[%emt 0:07:31]} 23. Bf6 {[%emt 0:01:50]} dxe4 {[%emt 0:04:45]} 24. Qxe4 {[%emt 0:01:53]} b5 {[%emt 0:01:04]} 25. c4 {[%emt 0:03:32]} Be7 {[%emt 0:02:17]} 26. Bc3 {[%emt 0:01:33]} Qc5 {[%emt 0:01:45]} 27. Bb4 {[%emt 0:02:09]} Qf5 {[%emt 0:01:15]} 28. Qxf5 {[%emt 0:04:44]} exf5 {[%emt 0:00:02]} 29. cxb5 {[%emt 0:01:16]} Bxb4 {[%emt 0:01:18]} 30. Rxb4 {[%emt 0:00:03]} axb5 {[%emt 0:00:03]} 31. Rxb5 {[%emt 0:02:21]} Re2 {[%emt 0:00:19]} 32. a4 {[%emt 0:01:34]} h4 {[%emt 0:02:56]} 33. Rfb1 {[%emt 0:01:27]} 1/2-1/2

[Event "24th European Women Club Cup 2019"]
[Site "Ulcinj"]
[Date "2019.11.14"]
[Round "5.27"]
[White "Rakic, Tijana"]
[Black "Federovski, Adi"]
[Result "0-1"]
[WhiteElo "1680"]
[BlackElo "2005"]
[Annotator "NA"]
[PlyCount "58"]
[EventDate "2019.11.10"]
[EventType "team-tourn"]
[EventCountry "MNE"]
[SourceTitle "playchess.com"]
[Source "ChessBase"]
[SourceQuality "1"]
[WhiteTeam "MNE Woman Chess"]
[BlackTeam "Rishon Lezion"]
[TimeControl "40/5400+30:1800+30"]

1. e4 {[%emt 0:00:00]} c5 {[%emt 0:00:00]} 2. Nf3 {[%emt 0:00:00]} Nc6 {[%emt 0:00:00]} 3. d4 {[%emt 0:00:00]} cxd4 {[%emt 0:00:00]} 4. Nxd4 {[%emt 0:00:00]} e5 {[%emt 0:00:00]} 5. Nb5 {[%emt 0:00:00]} d6 {[%emt 0:00:04]} 6. N1c3 {[%emt 0:00:27]} a6 {[%emt 0:00:34]} 7. Na3 {[%emt 0:00:07]} Be6 {[%emt 0:00:09]} 8. Nc4 {[%emt 0:00:13]} b5 {[%emt 0:00:47]} 9. Ne3 {[%emt 0:00:06]} Nf6 {[%emt 0:00:12]} 10. g3 {[%emt 0:06:31]} g6 {[%emt 0:04:09]} 11. Bg2 {[%emt 0:00:22]} Bg7 {[%emt 0:00:05]} 12. O-O {[%emt 0:00:32]} O-O {[%emt 0:00:09]} 13. Ned5 {[%emt 0:07:34]} Nd7 {[%emt 0:02:40]} 14. a3 {[%emt 0:05:50]} Rc8 {[%emt 0:02:53]} 15. Be3 {[%emt 0:11:59]} Nd4 {[%emt 0:02:33]} 16. f4 {[%emt 0:23:27]} Bxd5 {[%emt 0:06:40]} 17. Nxd5 {[%emt 0:03:27]} Nxc2 {[%emt 0:06:36]} 18. Rc1 {[%emt 0:02:01]} Nxe3 {[%emt 0:00:44]} 19. Rxc8 {[%emt 0:04:10]} Qxc8 {[%emt 0:01:09]} 20. Nxe3 {[%emt 0:02:06]} Qc5 {[%emt 0:01:36]} 21. Qd2 {[%emt 0:01:35]} exf4 {[%emt 0:01:18]} 22. gxf4 {[%emt 0:00:51]} Bxb2 {[%emt 0:11:59]} 23. Qxb2 {[%emt 0:00:11]} Qxe3+ {[%emt 0:00:08]} 24. Kh1 {[%emt 0:00:09]} Nc5 {[%emt 0:00:32]} 25. Qa1 {[%emt 0:07:26]} Nxe4 {[%emt 0:01:24]} 26. Re1 {[%emt 0:01:57]} Nf2+ {[%emt 0:00:12]} 27. Kg1 {[%emt 0:00:11]} Nh3+ {[%emt 0:00:31]} 28. Kh1 {[%emt 0:00:49]} Qg1+ {[%emt 0:00:14]} 29. Rxg1 {[%emt 0:00:07]} Nf2# 0-1

[Event "24th European Women Club Cup 2019"]
[Site "Ulcinj"]
[Date "2019.11.14"]
[Round "5.28"]
[White "Vardi, Shlomit"]
[Black "Radosevic, Nevena"]
[Result "1-0"]
[WhiteElo "1935"]
[BlackElo "1706"]
[Annotator "NA"]
[PlyCount "51"]
[EventDate "2019.11.10"]
[EventType "team-tourn"]
[EventCountry "MNE"]
[SourceTitle "playchess.com"]
[Source "ChessBase"]
[SourceQuality "1"]
[WhiteTeam "Rishon Lezion"]
[TimeControl "40/5400+30:1800+30"]

1. e4 {[%emt 0:00:00]} c5 {[%emt 0:00:00]} 2. Nc3 {[%emt 0:00:00]} d6 {[%emt 0:00:17]} 3. g3 {[%emt 0:00:00]} Nc6 {[%emt 0:00:57]} 4. Bg2 {[%emt 0:00:00]} g6 {[%emt 0:06:02]} 5. Nge2 {[%emt 0:01:24]} Bg7 {[%emt 0:04:47]} 6. d3 {[%emt 0:00:13]} e6 {[%emt 0:19:31]} 7. O-O {[%emt 0:00:36]} Nge7 {[%emt 0:00:58]} 8. a3 {[%emt 0:01:00]} O-O {[%emt 0:01:54]} 9. Rb1 {[%emt 0:02:38]} a6 {[%emt 0:14:26]} 10. b4 {[%emt 0:05:42]} b5 {[%emt 0:06:11]} 11. Be3 {[%emt 0:04:58]} cxb4 {[%emt 0:09:15]} 12. axb4 {[%emt 0:00:12]} Qc7 {[%emt 0:05:23]} 13. Qd2 {[%emt 0:02:33]} Bb7 {[%emt 0:06:18]} 14. Bh6 {[%emt 0:00:34]} e5 {[%emt 0:05:25]} 15. Bxg7 {[%emt 0:12:10]} Kxg7 {[%emt 0:00:08]} 16. d4 {[%emt 0:00:11]} Nc8 {[%emt 0:05:06]} 17. Nd5 {[%emt 0:04:10]} Qd8 {[%emt 0:03:14]} 18. f4 {[%emt 0:02:54]} f6 {[%emt 0:01:01]} 19. fxe5 {[%emt 0:09:38]} dxe5 {[%emt 0:01:41]} 20. dxe5 {[%emt 0:00:21]} Nxe5 {[%emt 0:00:29]} 21. Nef4 {[%emt 0:01:11]} Re8 {[%emt 0:03:29]} 22. Qc3 {[%emt 0:01:58]} Bxd5 {[%emt 0:00:29]} 23. Nxd5 {[%emt 0:01:00]} Re6 {[%emt 0:01:38]} 24. Rxf6 {[%emt 0:04:03]} Qd6 {[%emt 0:02:22]} 25. Rxe6 {[%emt 0:01:54]} Qxe6 {[%emt 0:00:06]} 26. Nc7 {[%emt 0:00:32]} 1-0

[Event "24th European Women Club Cup 2019"]
[Site "Ulcinj"]
[Date "2019.11.15"]
[Round "6.1"]
[White "Dzagnidze, Nana"]
[Black "Muzychuk, Mariya"]
[Result "1/2-1/2"]
[WhiteElo "2502"]
[BlackElo "2552"]
[Annotator "ChessBase"]
[PlyCount "92"]
[EventDate "2019.11.10"]
[EventType "team-tourn"]
[EventCountry "MNE"]
[SourceTitle "playchess.com"]
[Source "ChessBase"]
[SourceQuality "1"]
[WhiteTeam "Nona"]
[BlackTeam "Kyiv"]
[TimeControl "40/5400+30:1800+30"]

1. c4 {[%emt 0:00:00]} c5 {[%emt 0:00:00]} 2. Nf3 {[%emt 0:00:51]} Nc6 {[%emt 0:00:00]} 3. b3 {[%emt 0:01:11]} Nf6 {[%emt 0:00:15]} 4. Bb2 {[%emt 0:00:08]} g6 {[%emt 0:01:11]} 5. g3 {[%emt 0:06:18]} Bg7 {[%emt 0:00:17]} 6. Bg2 {[%emt 0:00:09]} d6 {[%emt 0:01:13]} 7. O-O {[%emt 0:00:58]} O-O {[%emt 0:06:11]} 8. e3 {[%emt 0:09:50]} e5 {[%emt 0:02:40]} 9. Nc3 {[%emt 0:00:20]} Bf5 {[%emt 0:03:12]} 10. d4 {[%emt 0:01:47]} exd4 {[%emt 0:11:17]} 11. exd4 {[%emt 0:01:40]} Ne4 {[%emt 0:01:54]} 12. Nd5 {[%emt 0:14:17]} Ng5 {[%emt 0:06:13]} 13. Ne3 {[%emt 0:10:53]} Bd7 {[%emt 0:08:20]} 14. Rb1 {[%emt 0:12:11]} Nxf3+ {[%emt 0:07:23]} 15. Bxf3 {[%emt 0:00:04]} Nxd4 {[%emt 0:03:44]} 16. Bxb7 {[%emt 0:04:48]} Rb8 {[%emt 0:00:09]} 17. Bd5 {[%emt 0:07:49]} Qa5 {[%emt 0:04:51]} 18. Nc2 {[%emt 0:08:41]} Qxa2 {[%emt 0:19:49]} 19. Nxd4 {[%emt 0:00:08]} cxd4 {[%emt 0:00:23]} 20. Bxd4 {[%emt 0:00:11]} Bxd4 {[%emt 0:00:13]} 21. Qxd4 {[%emt 0:00:06]} Rxb3 {[%emt 0:00:20]} 22. Rxb3 {[%emt 0:08:47]} Qxb3 {[%emt 0:00:05]} 23. Qxa7 {[%emt 0:00:04]} Be6 {[%emt 0:04:07]} 24. Bxe6 {[%emt 0:00:21]} fxe6 {[%emt 0:00:03]} 25. Qd4 {[%emt 0:03:17]} Rc8 {[%emt 0:03:54]} 26. Qxd6 {[%emt 0:01:57]} Qxc4 {[%emt 0:00:03]} 27. Re1 {[%emt 0:00:58]} Qd5 {[%emt 0:01:34]} 28. Qxe6+ {[%emt 0:00:28]} Qxe6 {[%emt 0:00:01]} 29. Rxe6 {[%emt 0:00:07]} Kf7 {[%emt 0:00:11]} 30. Ra6 {[%emt 0:00:10]} h5 {[%emt 0:00:22]} 31. Kg2 {[%emt 0:00:31]} Rc2 {[%emt 0:00:15]} 32. Kf3 {[%emt 0:02:17]} Kg7 {[%emt 0:00:10]} 33. Ra3 {[%emt 0:01:42]} Kf6 {[%emt 0:00:43]} 34. h3 {[%emt 0:00:18]} Rb2 {[%emt 0:02:11]} 35. Ke3 {[%emt 0:00:20]} Rb1 {[%emt 0:01:33]} 36. Ra6+ {[%emt 0:01:04]} Kf5 {[%emt 0:00:36]} 37. Ra5+ {[%emt 0:00:21]} Kf6 {[%emt 0:00:02]} 38. Rd5 {[%emt 0:01:01]} h4 {[%emt 0:07:59]} 39. Rd6+ {[%emt 0:00:38]} Kf7 {[%emt 0:00:26]} 40. gxh4 {[%emt 0:00:00]} Rh1 {[%emt 0:00:00]} 41. Kf4 {[%emt 0:00:34]} Rxh3 {[%emt 0:00:43]} 42. Kg5 {[%emt 0:00:08]} Rf3 {[%emt 0:01:44]} 43. Rd7+ {[%emt 0:01:33]} Kg8 {[%emt 0:01:46]} 44. Kxg6 {[%emt 0:02:41]} Rxf2 {[%emt 0:00:12]} 45. Rd8+ {[%emt 0:00:10]} Rf8 {[%emt 0:00:03]} 46. Rxf8+ {[%emt 0:00:06]} Kxf8 {[%emt 0:00:03]} 1/2-1/2

[Event "24th European Women Club Cup 2019"]
[Site "Ulcinj"]
[Date "2019.11.15"]
[Round "6.2"]
[White "Muzychuk, Anna"]
[Black "Javakhishvili, Lela"]
[Result "1/2-1/2"]
[WhiteElo "2543"]
[BlackElo "2457"]
[Annotator "ChessBase"]
[PlyCount "45"]
[EventDate "2019.11.10"]
[EventType "team-tourn"]
[EventCountry "MNE"]
[SourceTitle "playchess.com"]
[Source "ChessBase"]
[SourceQuality "1"]
[WhiteTeam "Kyiv"]
[BlackTeam "Nona"]
[TimeControl "40/5400+30:1800+30"]

1. e4 {[%emt 0:00:00]} c5 {[%emt 0:00:00]} 2. Nf3 {[%emt 0:00:00]} e6 {[%emt 0:00:00]} 3. d4 {[%emt 0:00:00]} cxd4 {[%emt 0:00:00]} 4. Nxd4 {[%emt 0:00:00]} a6 {[%emt 0:00:00]} 5. Bd3 {[%emt 0:01:46]} Bc5 {[%emt 0:01:07]} 6. Nb3 {[%emt 0:00:19]} Be7 {[%emt 0:00:07]} 7. O-O {[%emt 0:01:42]} d6 {[%emt 0:00:41]} 8. c4 {[%emt 0:00:32]} Nf6 {[%emt 0:00:17]} 9. Nc3 O-O {[%emt 0:01:05]} 10. f4 {[%emt 0:01:08]} Nc6 {[%emt 0:03:06]} 11. Be3 {[%emt 0:07:33]} b6 {[%emt 0:03:25]} 12. Qf3 {[%emt 0:02:03]} Bb7 {[%emt 0:02:10]} 13. Rad1 {[%emt 0:06:18]} Qc7 {[%emt 0:00:30]} 14. Qh3 {[%emt 0:00:30]} Rfe8 {[%emt 0:02:49]} 15. g4 g6 {[%emt 0:02:42]} 16. g5 {[%emt 0:31:12]} Nd7 {[%emt 0:00:46]} 17. Rf3 {[%emt 0:05:22]} Bf8 {[%emt 0:09:04]} 18. Qh4 {[%emt 0:01:20]} Bg7 {[%emt 0:01:11]} 19. Rh3 {[%emt 0:00:33]} Nf8 {[%emt 0:02:42]} 20. Qf2 {[%emt 0:03:23]} Nd7 {[%emt 0:00:56]} 21. Qh4 {[%emt 0:03:06]} Nf8 {[%emt 0:01:41]} 22. Qf2 {[%emt 0:19:15]} Nd7 {[%emt 0:01:03]} 23. Qh4 {[%emt 0:00:05]} 1/2-1/2

[Event "24th European Women Club Cup 2019"]
[Site "Ulcinj"]
[Date "2019.11.15"]
[Round "6.3"]
[White "Batsiashvili, Nino"]
[Black "Abdumalik, Zhansaya"]
[Result "1-0"]
[WhiteElo "2422"]
[BlackElo "2472"]
[Annotator "ChessBase"]
[PlyCount "171"]
[EventDate "2019.11.10"]
[EventType "team-tourn"]
[EventCountry "MNE"]
[SourceTitle "playchess.com"]
[Source "ChessBase"]
[SourceQuality "1"]
[WhiteTeam "Nona"]
[BlackTeam "Kyiv"]
[TimeControl "40/5400+30:1800+30"]

1. Nf3 {[%emt 0:00:00]} Nf6 {[%emt 0:00:00]} 2. c4 {[%emt 0:00:00]} c5 {[%emt 0:00:01]} 3. Nc3 {[%emt 0:00:00]} d5 {[%emt 0:00:18]} 4. cxd5 {[%emt 0:00:00]} Nxd5 {[%emt 0:00:07]} 5. e3 {[%emt 0:00:00]} Nxc3 {[%emt 0:00:38]} 6. dxc3 {[%emt 0:00:00]} Qc7 {[%emt 0:00:39]} 7. e4 {[%emt 0:00:06]} Nc6 {[%emt 0:00:59]} 8. Be3 {[%emt 0:00:08]} e6 {[%emt 0:00:47]} 9. Nd2 {[%emt 0:00:12]} Be7 {[%emt 0:01:03]} 10. f4 {[%emt 0:00:13]} b6 {[%emt 0:03:38]} 11. Bd3 {[%emt 0:00:30]} O-O {[%emt 0:04:27]} 12. e5 {[%emt 0:02:20]} Rd8 {[%emt 0:02:58]} 13. Qe2 {[%emt 0:00:21]} Bb7 {[%emt 0:03:43]} 14. O-O {[%emt 0:01:38]} Bf8 {[%emt 0:04:24]} 15. Rf3 {[%emt 0:03:52]} h6 {[%emt 0:08:29]} 16. Ne4 {[%emt 0:11:36]} Ne7 {[%emt 0:03:40]} 17. Bf2 {[%emt 0:15:02]} Nf5 {[%emt 0:06:42]} 18. Re1 {[%emt 0:05:06]} Bd5 {[%emt 0:08:00]} 19. Bb1 {[%emt 0:06:34]} c4 {[%emt 0:06:55]} 20. Qc2 {[%emt 0:05:51]} h5 {[%emt 0:06:25]} 21. Rh3 {[%emt 0:00:15]} Bxe4 {[%emt 0:00:34]} 22. Qxe4 {[%emt 0:02:12]} g6 {[%emt 0:03:45]} 23. Qe2 {[%emt 0:03:35]} Bc5 {[%emt 0:02:14]} 24. Rf3 {[%emt 0:06:20]} b5 {[%emt 0:04:00]} 25. h3 {[%emt 0:04:35]} Qb6 {[%emt 0:05:12]} 26. Bxc5 {[%emt 0:03:55]} Qxc5+ {[%emt 0:00:04]} 27. Kh2 {[%emt 0:00:03]} Kg7 {[%emt 0:03:35]} 28. Bxf5 {[%emt 0:06:05]} exf5 {[%emt 0:00:06]} 29. e6 {[%emt 0:00:04]} Re8 {[%emt 0:03:35]} 30. Re3 {[%emt 0:01:10]} Qd6 {[%emt 0:01:45]} 31. e7 {[%emt 0:06:35]} Qxf4+ {[%emt 0:01:13]} 32. Kh1 {[%emt 0:00:00]} a6 {[%emt 0:01:47]} 33. Qd1 {[%emt 0:00:32]} Qh4 {[%emt 0:04:02]} 34. Qd7 {[%emt 0:00:32]} Qf6 {[%emt 0:00:42]} 35. a4 {[%emt 0:00:41]} f4 {[%emt 0:01:31]} 36. Rf3 {[%emt 0:00:10]} bxa4 {[%emt 0:01:07]} 37. Re4 {[%emt 0:03:34]} g5 {[%emt 0:03:15]} 38. h4 {[%emt 0:00:11]} Qg6 {[%emt 0:01:31]} 39. Qd4+ {[%emt 0:00:39]} Kg8 {[%emt 0:01:15]} 40. hxg5 {[%emt 0:00:00]} Rab8 {[%emt 0:00:00]} 41. Rfxf4 {[%emt 0:11:57]} Rxb2 {[%emt 0:05:15]} 42. Qxc4 {[%emt 0:12:44]} Rb7 {[%emt 0:06:37]} 43. Rf6 {[%emt 0:08:01]} Qg7 {[%emt 0:00:03]} 44. Qc5 {[%emt 0:00:50]} a3 {[%emt 0:06:21]} 45. Rxa6 {[%emt 0:00:15]} a2 {[%emt 0:02:58]} 46. Rxa2 {[%emt 0:00:14]} Qg6 {[%emt 0:00:05]} 47. Rae2 {[%emt 0:00:14]} Rb1+ {[%emt 0:02:44]} 48. Kh2 {[%emt 0:00:07]} Qa6 {[%emt 0:00:23]} 49. Qe5 {[%emt 0:02:47]} Rb6 {[%emt 0:00:57]} 50. Qf5 {[%emt 0:00:41]} Qb7 {[%emt 0:00:23]} 51. c4 {[%emt 0:01:14]} Qc7+ {[%emt 0:00:18]} 52. Kh3 {[%emt 0:04:01]} Rb3+ {[%emt 0:00:52]} 53. R2e3 {[%emt 0:00:08]} Rb1 {[%emt 0:03:53]} 54. g3 {[%emt 0:01:29]} Rb6 {[%emt 0:01:21]} 55. c5 {[%emt 0:02:18]} Rc6 {[%emt 0:00:03]} 56. Re5 {[%emt 0:00:07]} Qb7 {[%emt 0:00:12]} 57. Re1 {[%emt 0:00:12]} Qa7 {[%emt 0:00:35]} 58. R1e2 {[%emt 0:01:07]} Qc7 {[%emt 0:00:43]} 59. Re1 {[%emt 0:01:03]} Qa7 {[%emt 0:00:05]} 60. Qd3 {[%emt 0:00:47]} Qc7 {[%emt 0:01:35]} 61. Qd5 {[%emt 0:00:08]} Rg6 {[%emt 0:00:49]} 62. Rd1 {[%emt 0:01:04]} Kg7 {[%emt 0:00:48]} 63. Rde1 {[%emt 0:00:47]} Kg8 {[%emt 0:00:36]} 64. Kg2 {[%emt 0:00:33]} Ra6 {[%emt 0:00:31]} 65. R1e2 {[%emt 0:00:04]} Rg6 {[%emt 0:00:13]} 66. Rd2 {[%emt 0:01:22]} Kg7 {[%emt 0:00:28]} 67. Qe4 {[%emt 0:00:24]} Ra6 {[%emt 0:01:30]} 68. Qd4 {[%emt 0:00:18]} Kh7 {[%emt 0:00:48]} 69. Rf2 {[%emt 0:01:19]} Qc6+ {[%emt 0:02:09]} 70. Kh2 {[%emt 0:00:43]} Kg8 {[%emt 0:00:51]} 71. Qf4 {[%emt 0:01:37]} Qg6 {[%emt 0:00:11]} 72. Qe4 {[%emt 0:00:12]} Kg7 {[%emt 0:01:12]} 73. Qxg6+ {[%emt 0:00:53]} Kxg6 {[%emt 0:00:02]} 74. Kh3 {[%emt 0:00:07]} Ra7 {[%emt 0:00:17]} 75. Rf6+ {[%emt 0:00:32]} Kg7 {[%emt 0:00:06]} 76. Kh4 {[%emt 0:00:26]} Rexe7 {[%emt 0:00:35]} 77. Rxe7 {[%emt 0:00:01]} Rxe7 {[%emt 0:00:06]} 78. Kxh5 {[%emt 0:00:09]} Re3 {[%emt 0:00:40]} 79. Kg4 {[%emt 0:00:14]} Rc3 {[%emt 0:00:05]} 80. c6 {[%emt 0:00:09]} Rc4+ {[%emt 0:02:13]} 81. Kf5 {[%emt 0:00:03]} Rc5+ {[%emt 0:01:32]} 82. Kf4 {[%emt 0:00:04]} Rc3 {[%emt 0:00:11]} 83. Ke5 {[%emt 0:00:22]} Rxg3 {[%emt 0:04:17]} 84. c7 {[%emt 0:00:10]} Rc3 {[%emt 0:00:16]} 85. Kd6 {[%emt 0:00:05]} Kf8 {[%emt 0:00:59]} 86. Kd7 {[%emt 0:00:07]} 1-0